000 00600nam a2200217 i 4500
001 31764
003 ES-MaACL
005 20250607063014.0
007 t|
008 030130s1973 sp ||||1| cat d
100 1 _aBenguerel, Xavier,
_d1905-1990
_927580
245 1 0 _a1939
_b: segona part d'Els vençuts /
_cXavier Benguerel.
250 _a1ª ed.
260 _aMadrid :
_bAlfaguara,
_c[1973]
300 _a365 p. ;
_c21 cm.
490 1 _aAra i aci
740 4 _aEls vençuts.
830 0 _aAra i aci
_9181967
852 _aES-MaACL
_jC-52522
_bR.85742
999 _c31764
_d31764